00933cam a22002531 4500001001300000003000400013005001700017008004100034010001700075025001900092040002200111043001200133050002100145111007700166245001700243260006400260300004600324490006300370500007200433504002900505650002900534710004500563830007100608sa 64004822 DLC20260227112028.0840920s1963 ii b b f100 0 eng  asa 64004822  aPL480:I-E-2596 aDLC/ICUcICUdDLC aa-ii---00aQ127.I4bS9 19612 aSymposium on the History of Sciences in Indiad(1961 :cCalcutta, India)00aProceedings. aNew Delhi,bNational Institute of Sciences of India,c1963. aviii, 343 p.bmaps (1 fold. col.)c25 cm.1 aNational Institute of Sciences of India. Bulletin,vno. 21 aSymposium organised by the National Institute of Sciences of India. aIncludes bibliographies. 0aSciencezIndiaxHistory.2 aNational Institute of Sciences of India. 0aBulletin of the National Institute of Sciences of India ;vno. 21.